000 01659nam0a2200385 i 4500
001 RU\NLR\BIBL_A\010400888
005 20260406131229.0
010 _a9785916312041
_93000
021 _aRU
_b2014-28384
_91748
035 _a(NILC)RuMoRGB-006775144
035 _a(NLR Aleph) 010400888
090 _a9706848
_c9706848
100 _a20140611d2014 um y0rusy50 ca
101 0 _arus
102 _aRU
105 _ac|||z||||00yy
200 1 _aСовременники
_eпортреты и этюды
_fКорней Чуковский
210 _aМосква
_cПРОЗАиК
_d2014
215 _a717, [2] с.
_cпортр.
_d22
320 _aБиблиогр. в подстроч. примеч.
600 1 _aРепин
_bИ. Е.
_f1844 - 1930
_gИлья Ефимович
_jВоспоминания, записки и т.п
_91062019
_3RU\NLR\AUTH\66412234
600 1 _aСобинов
_bЛ. В.
_f1872 - 1934
_gЛеонид Витальевич
_jВоспоминания, записки и т.п
_91800633
_3RU\NLR\AUTH\66811186
606 _aРусская литература
_jВоспоминания, записки и т.п.
_91032583
_3RU\NLR\AUTH\6678541
675 _a821.161.1.09
686 1 _aШ5(2=Р),1
686 1 _aЩ335.413(2Р=Рус)7-86Собинов
686 1 _aЩ143(2Р=Рус)52-8Репин
700 1 _8rus
_7ca
_aЧуковский
_bК. И.
_f1882-1969
_gКорней Иванович
_3RU\NLR\AUTH\771522
_9111544
801 0 _aRU
_bRuMoRKP
_c20080328
_gRCR
801 2 _aRU
_bРГБ
_c20140414
_grcr
801 1 _aRU
_bRuMoRKP
_c20080328
_2rusmarc
942 _cBOOK
980 _aNBR